000 00865cam a2200229 4500
001 WB3702-01
008 000000n2001 000 0 eng u
035 _a(Sirsi) u110269
245 _aCity steps up pressure
260 _c2001
490 _aBuilding
_v266(1) 5 January 2001, 15(1)
520 _aThe imminent mergers at Beazer and Bryant and Wimpey and McLean which promise savings of £20m and £15m respectively, have prompted further city pressure for construction companies to link up or go private. Investors are keen for consolidation in the industry, with fewer, larger construction companies. Table.
590 _aWB
650 _aHOUSE BUILDING
650 _aCONTRACTING
650 _aINVESTMENT MARKET
650 _aCONSTRUCTION COMPANIES
650 _aMERGERS
650 _aCONSOLIDATION
690 _aBUILT ENVIRONMENT
942 _n0
999 _c65759
_d65759